|
|
|
|
| LEADER |
01166nam a2200265 a 4500 |
| 001 |
1575513 |
| 008 |
090521r20071997ii ab b 001 0 eng d |
| 010 |
|
|
|a 92908664
|
| 020 |
|
|
|a 0706986768
|
| 040 |
|
|
|a CU-S
|c DLC
|d DLC
|
| 082 |
0 |
0 |
|a 574.5
|2 20
|
| 100 |
1 |
|
|a Kumar, H. D.,
|d 1934-
|
| 245 |
1 |
0 |
|a Modern concepts of ecology /
|c H.D. Kumar.
|
| 250 |
|
|
|a 8th rev. ed.
|
| 260 |
|
|
|a New Delhi :
|b Vikas Pub. House,
|c 1997.[reprinted 2007]
|
| 541 |
1 |
|
|e 00016396
|
| 300 |
|
|
|a 377 p. :
|b ill., map ;
|c 22 cm.
|
| 504 |
|
|
|a Includes bibliographical references (p. [358]-361). and indexes.
|
| 500 |
|
|
|a Includes
|
| 650 |
|
0 |
|a Ecology.
|
| 852 |
4 |
|
|a Ayesha Abed Library
|j General Shelf.
|
| 999 |
|
|
|c 8535
|d 8535
|
| 952 |
|
|
|0 0
|1 0
|2 ddc
|4 0
|6 574_500000000000000_KUM_2007
|7 0
|9 10094
|a BRACUL
|b BRACUL
|c GEN
|d 2010-05-12
|l 0
|o 574.5 KUM
|p 3010016396
|r 2010-05-12
|t 1
|w 2010-05-12
|y BK
|
| 952 |
|
|
|0 0
|1 0
|2 ddc
|4 0
|6 574_500000000000000_KUM_2007
|7 0
|9 10095
|a BRACUL
|b BRACUL
|c GEN
|d 2010-05-12
|l 0
|o 574.5 KUM
|p 3010016397
|r 2010-05-12
|t 2
|w 2010-05-12
|y BK
|
| 952 |
|
|
|0 0
|1 0
|2 ddc
|4 0
|6 574_500000000000000_KUM_2006
|7 0
|9 10096
|a BRACUL
|b BRACUL
|c GEN
|d 2010-05-12
|l 0
|o 574.5 KUM
|p 3010016398
|r 2010-05-12
|t 3
|w 2010-05-12
|y BK
|